| 000 | 00839nam a2200241 i 4500 | ||
|---|---|---|---|
| 001 | 78970 | ||
| 003 | ES-MaACL | ||
| 005 | 20250815104611.0 | ||
| 007 | t| | ||
| 008 | 041018s1947 mx ||||1| spa d | ||
| 100 | 1 |
_aHeller, Hermann. _962441 |
|
| 245 | 1 | 0 |
_aTeoría del Estado / _cHermann Heller ; edición y prólogo de Gerhart Niemeyer ; versión española de Luis Tobio. |
| 250 | _a[2ª ed.]. | ||
| 260 |
_aMéxico : _bFondo de Cultura Económica de México, _c[1947] ( _fStylo) |
||
| 300 |
_a361 p. ; _c24 cm. |
||
| 490 | 1 | _aSección de obras de ciencia política | |
| 700 | 1 |
_aNiemeyer, Gerhart. _985639 |
|
| 700 | 1 |
_aTobío, Luis. _9110377 |
|
| 830 | 0 | 0 |
_aSección de obras de ciencia política _9183658 |
| 852 |
_aES-MaACL _jB-2271 _bR.26938 |
||
| 852 |
_aES-MaACL _jD-7229 _bR.29556 |
||
| 999 |
_c78970 _d78970 |
||